000 00697nam a2200229 i 4500
001 122532
003 ES-MaACL
005 20250927063037.0
007 t|
008 070214s1970 sp r ||||1| spa d
080 _a396
100 1 _aPuerto, Carlos,
_d1942-
_9149397
245 1 3 _aLa mujer del año 2000 /
_cCarlos Puerto.
260 _aMadrid :
_bSociedad de Educación Atenas,
_c1970.
300 _a103 p. ;
_c19 cm.
490 1 _aTestigos del hombre ;
_v2
650 4 _aMujeres-
_xSituación social-
_yS.XX.
_9167814
710 2 _aSociedad de Educación Atenas
_96665
830 1 _aTestigos del hombre ;
_v2
_9183342
852 4 _aES-MaACL
_jC-48131
999 _c122532
_d122532